| 000 | 01104nam a2200265 i 4500 | ||
|---|---|---|---|
| 001 | bg | ||
| 245 | 0 | 0 |
_aEfektywność i niezawodność w budownictwie / _cpod red. Marleny Rajczyk [et al.] ; Politechnika Częstochowska. Wydział Budownictwa. Samodzielny Zakład Technologii i Organizacji Procesów Budowlanych. |
| 260 |
_aCzęstochowa : _bWydawnictwa PC, _c2003. |
||
| 300 |
_a195 s. : _bil., wykr. ; _c24 cm. |
||
| 500 | _aMater. międzynarodowego seminarium nt.: Efektywność i niezawodność procesów budowlanych, 24-26 październik 2002. - Tekst częśc. ang., niem., ros. | ||
| 504 | _aBibliogr. przy ref. | ||
| 650 | 9 |
_aBudownictwo _xmechanika |
|
| 650 | 9 | _aNaprężenia i odkształcenia | |
| 650 | 9 | _aWytrzymałość materiałów | |
| 655 | _aMateriały konferencyjne | ||
| 700 | 1 |
_aRAJCZYK, Marlena. _eRed. |
|
| 710 | 0 |
_aPolitechnika Częstochowska _bWydział Budownictwa |
|
| 020 | _a8371932235 | ||
| 040 | _cBPK | ||
| 041 | 0 | _apolrusgereng | |
| 080 | _a624.01/.07:620.17:539.3/.6](061) | ||
| 920 | _a83-7193-223-5 | ||
| 942 | _cKS | ||
| 008 | s pl f |000 0 pol | ||
| 999 |
_c44574 _d44574 |
||
| 856 |
_uhttp://koha.tu.koszalin.pl/cgi-bin/koha/opac-detail.pl?biblionumber=44574 _yKatalog online BPK |
||